Missing Word: Tom Clancy novels Quiz Stats

Quiz Updated Mar 5, 2016

Challenge
Share
Tweet
Embed
Score 0/16 Timer 02:00
0 Plays Today
Tom Clancy novel Missing Word % Correct
The Hunt for Red ________ (1984)October
97.9%
Clear and Present ________ (1989)Danger
89.8%
Patriot ________ (1987)Games
85.9%
Dead or ________ (2010)Alive
85.5%
The Sum of All ________ (1991)Fears
74%
Red Storm ________ (1986)Rising
49.8%
The Bear and the ________ (2000)Dragon
31.5%
Rainbow ________ (1998)Six
30.8%
Tom Clancy novel Missing Word % Correct
Debt of ________ (1994)Honor
23.6%
The Teeth of the ________ (2003)Tiger
19.3%
The Cardinal of the ________ (1988)Kremlin
18.6%
Executive ________ (1996)Orders
17.9%
Against All ________ (2011)Enemies
12.8%
Without ________ (1993)Remorse
12.6%
Locked ________ (2011)On
9.2%
Red ________ (2002)Rabbit
7.1%

Today's Daily Dose

You're not logged in!

Compare scores with friends on all Sporcle quizzes.
Sign Up with Email
OR
Log In

You Might Also Like...

Show Comments

Extras

Top Quizzes Today


Score Distribution

Your Account Isn't Verified!

In order to create a playlist on Sporcle, you need to verify the email address you used during registration. Go to your Sporcle Settings to finish the process.